000 00498nam a2200193Ia 4500
003 GCL
008 140319s9999 xx 000 0 ara d
040 _aGCL /
_cGCL
082 0 4 _a813.03
_bا ق
100 1 _aاحمد حسن سعد
245 1 0 _aقصص اشتراكية /
_cاحمد حسن سعد
300 _a160 ص
490 _a
650 0 4 _aالادب العربى
650 0 4 _aالقصص العربية
650 0 4 _aالاشتراكية
650 0 4 _aالقصص
942 _2ddc
_cBK
999 _c38112
_d38112